[Event "Österreichische Meisterschaften"]
[Site "Imst"]
[Date "2008.03.17"]
[Round "1.1"]
[White "Bauer, Marie-Christine"]
[Black "Landl, Margot"]
[Result "1/2-1/2"]
[WhiteElo "1757"]
[BlackElo "1609"]
[PlyCount "62"]
[EventDate "2008.03.17"]

1. e4 c5 2. Nf3 d6 3. d4 cxd4 4. Nxd4 Nf6 5. Nc3 Nc6 6. Bg5 e6 7. Qd2 a6 8.
O-O-O h6 9. Bxf6 Qxf6 10. Na4 Qxd4 11. Qxd4 Nxd4 12. Rxd4 b5 13. Nb6 Rb8 14.
Nxc8 Rxc8 15. a4 Rb8 16. axb5 axb5 17. Rb4 Kd8 18. Rxb5 Rxb5 19. Bxb5 Be7 20.
c4 Kc7 21. Kc2 Ra8 22. Rd1 Kb6 23. Kb3 Kc5 24. f4 Bf6 25. Rd2 Bd4 26. g3 f6 27.
Bd7 e5 28. Be6 Rb8+ 29. Ka2 Ra8+ 30. Kb1 Rb8 31. f5 Rb6 1/2-1/2

[Event "Österreichische Meisterschaften"]
[Site "Imst"]
[Date "2008.03.17"]
[Round "1.2"]
[White "Bauer, Valentina"]
[Black "Steininger, Barbara"]
[Result "1/2-1/2"]
[WhiteElo "1563"]
[BlackElo "1528"]
[PlyCount "93"]
[EventDate "2008.03.17"]

1. e4 d6 2. d4 g6 3. Be3 Bg7 4. Nf3 Nf6 5. Bd3 Nbd7 6. O-O b6 7. Nc3 Bb7 8. h3
O-O 9. Re1 c5 10. dxc5 Nxc5 11. Bxc5 dxc5 12. Rb1 e6 13. Nd2 Rc8 14. f3 Qe7 15.
Nf1 Rfd8 16. Qe2 Bh6 17. Nd1 Qc7 18. Qf2 Bf4 19. Nde3 Nh5 20. Red1 Rd7 21. Bb5
Rxd1 22. Rxd1 Rd8 23. Rxd8+ Qxd8 24. Bd3 Qg5 25. Nd1 e5 26. g4 Ng7 27. Nc3 h5
28. Ne2 Ne6 29. Bc4 Nd4 30. Nxf4 Qxf4 31. Nh2 Bc8 32. c3 Ne6 33. Kg2 Kg7 34.
Qg3 Bd7 35. gxh5 Qxg3+ 36. Kxg3 gxh5 37. h4 Nf4 38. Nf1 Kf6 39. Ne3 Be6 40.
Bxe6 fxe6 41. Ng2 Ne2+ 42. Kh2 Nf4 43. Nxf4 exf4 44. Kg2 Ke5 45. Kf2 b5 46. Ke2
a5 47. a3 1/2-1/2

[Event "Österreichische Meisterschaften"]
[Site "Imst"]
[Date "2008.03.17"]
[Round "1.3"]
[White "Moser, Evelyn"]
[Black "Roeck, Vanessa"]
[Result "1/2-1/2"]
[WhiteElo "1486"]
[BlackElo "1511"]
[PlyCount "39"]
[EventDate "2008.03.17"]

1. d4 d5 2. c4 c6 3. e3 Bf5 4. Nf3 e6 5. Nc3 Nd7 6. Be2 Ndf6 7. O-O Ne7 8. b3
g6 9. Bb2 Bg7 10. Rc1 O-O 11. Nh4 Ne4 12. Nxf5 Nxf5 13. cxd5 exd5 14. Bf3 Nxc3
15. Bxc3 Nh4 16. Bg4 Qg5 17. Bh3 Rfe8 18. Bd2 Qe7 19. Qc2 Qg5 20. Qd1 1/2-1/2

[Event "Österreichische Meisterschaften"]
[Site "Imst"]
[Date "2008.03.17"]
[Round "1.4"]
[White "Troescher, Evelyne"]
[Black "Schnegg, Anna-Lena"]
[Result "0-1"]
[WhiteElo "1271"]
[BlackElo "1561"]
[PlyCount "54"]
[EventDate "2008.03.17"]

1. Nf3 c5 2. g3 d6 3. Bg2 g6 4. b3 Bg7 5. c3 Nc6 6. Qc2 Bf5 7. e4 Bc8 8. Bb2
Nf6 9. c4 Nb4 10. Qc3 Nh5 11. e5 dxe5 12. d3 e4 13. Ne5 Bxe5 14. Qd2 Nxd3+ 15.
Kf1 Bxb2 16. Bxe4 Bxa1 17. Bxd3 Bg7 18. Qe2 O-O 19. Nd2 b6 20. Be4 Rb8 21. g4
Nf6 22. Bf3 Nxg4 23. h3 Ne5 24. Qe4 Qxd2 25. a4 Nxf3 26. Qxf3 Bb7 27. Qg3 Qd1#
0-1

[Event "Österreichische Meisterschaften"]
[Site "Imst"]
[Date "2008.03.17"]
[Round "2.1"]
[White "Landl, Margot"]
[Black "Schnegg, Anna-Lena"]
[Result "1/2-1/2"]
[WhiteElo "1609"]
[BlackElo "1561"]
[PlyCount "37"]
[EventDate "2008.03.17"]

1. e4 c5 2. Nc3 d6 3. g3 Nf6 4. d3 g6 5. Bg2 Bg7 6. Be3 Nc6 7. h3 Bd7 8. Qd2
Qb6 9. Rb1 O-O-O 10. Nge2 Be6 11. a3 d5 12. exd5 Nxd5 13. Na4 Qb5 14. b3 Nxe3
15. Qxe3 Nd4 16. Nxd4 cxd4 17. Qd2 Bd5 18. O-O Bxg2 19. Kxg2 1/2-1/2

[Event "Österreichische Meisterschaften"]
[Site "Imst"]
[Date "2008.03.17"]
[Round "2.2"]
[White "Roeck, Vanessa"]
[Black "Troescher, Evelyne"]
[Result "0-1"]
[WhiteElo "1511"]
[BlackElo "1271"]
[PlyCount "112"]
[EventDate "2008.03.17"]

1. e4 e5 2. Nf3 Nc6 3. d4 d6 4. dxe5 dxe5 5. Qxd8+ Kxd8 6. Bc4 Nf6 7. Nc3 Bb4
8. a3 Nxe4 9. axb4 Nxb4 10. O-O Nxc2 11. Nxe5 Rf8 12. Nxe4 Nxa1 13. Nxf7+ Ke8
14. Neg5 Nc2 15. Bb3 h6 16. Bxc2 hxg5 17. Nxg5 Bd7 18. Bg6+ Kd8 19. Rd1 Rf6 20.
Nf7+ Kc8 21. Ne5 Ba4 22. Rd4 b5 23. Be4 Rb8 24. Bg5 Rd6 25. Rxd6 cxd6 26. Nc6
Rb6 27. h3 b4 28. Be3 Bxc6 29. Bf5+ Kc7 30. Bxb6+ Kxb6 31. g4 a5 32. h4 a4 33.
g5 a3 34. bxa3 bxa3 35. Bb1 Be4 36. Ba2 d5 37. Kf1 Kb5 38. h5 Kb4 39. h6 gxh6
40. gxh6 Kc3 41. f3 Bd3+ 42. Ke1 d4 43. Kd1 Bh7 44. Kc1 d3 45. Bf7 d2+ 46. Kd1
Bc2+ 47. Ke2 d1=Q+ 48. Ke3 Qd3+ 49. Kf4 Qf5+ 50. Ke3 Qxf7 51. f4 a2 52. h7 Qxh7
53. f5 a1=Q 54. Kf3 Qxf5+ 55. Ke3 Qe4+ 56. Kf2 Qae1# 0-1

[Event "Österreichische Meisterschaften"]
[Site "Imst"]
[Date "2008.03.17"]
[Round "2.3"]
[White "Steininger, Barbara"]
[Black "Moser, Evelyn"]
[Result "0-1"]
[WhiteElo "1528"]
[BlackElo "1486"]
[PlyCount "76"]
[EventDate "2008.03.17"]

1. d4 d5 2. c4 c6 3. a4 Nf6 4. Nc3 Bf5 5. Nf3 e6 6. Bg5 Be7 7. e3 Nbd7 8. Be2
O-O 9. O-O Ne4 10. Bxe7 Qxe7 11. Bd3 Ndf6 12. Nh4 Nxc3 13. Nxf5 exf5 14. bxc3
dxc4 15. Bxc4 Rfd8 16. Qf3 Qe4 17. Qe2 Qe7 18. Bd3 g6 19. Rfe1 Re8 20. f3 Nd5
21. Qd2 Qg5 22. f4 Qf6 23. c4 Nc7 24. Rab1 Rab8 25. Qa5 Na6 26. c5 Qd8 27. Qc3
Nc7 28. Qc2 Nd5 29. e4 fxe4 30. Rxe4 Rxe4 31. Bxe4 Nxf4 32. Rf1 Qxd4+ 33. Kh1
Ne6 34. Qb1 Qxc5 35. Rd1 Qb6 36. Qxb6 axb6 37. Rb1 Nc5 38. Bf3 Nxa4 0-1

[Event "Österreichische Meisterschaften"]
[Site "Imst"]
[Date "2008.03.17"]
[Round "2.4"]
[White "Bauer, Marie-Christine"]
[Black "Bauer, Valentina"]
[Result "1-0"]
[WhiteElo "1757"]
[BlackElo "1563"]
[PlyCount "40"]
[EventDate "2008.03.17"]

1. e4 e6 2. d4 d5 3. Nd2 dxe4 4. Nxe4 Bd7 5. Nf3 Bc6 6. Bd3 Nd7 7. Qe2 Ngf6 8.
Neg5 Qe7 9. O-O h6 10. Ne4 Nxe4 11. Bxe4 Bxe4 12. Qxe4 c6 13. Re1 Nf6 14. Qe5
Qd6 15. Qe2 Be7 16. Ne5 O-O 17. c3 Rfd8 18. Bf4 Qd5 19. b3 Bd6 20. Rad1 Qa5 1-0

[Event "Österreichische Meisterschaften"]
[Site "Imst"]
[Date "2008.03.18"]
[Round "3.1"]
[White "Bauer, Valentina"]
[Black "Landl, Margot"]
[Result "0-1"]
[WhiteElo "1563"]
[BlackElo "1609"]
[PlyCount "88"]
[EventDate "2008.03.17"]

1. e4 c6 2. d4 d5 3. exd5 cxd5 4. Bd3 Nc6 5. c3 Nf6 6. Bf4 Bg4 7. Qb3 Qd7 8.
Nd2 e6 9. Ngf3 Bxf3 10. Nxf3 Bd6 11. Bxd6 Qxd6 12. O-O O-O 13. Rfe1 Rab8 14.
Qc2 Rfc8 15. Qe2 a6 16. Ne5 b5 17. Rab1 Na5 18. Rec1 Nc4 19. Bxc4 dxc4 20. a3
Nd5 21. Re1 Rb7 22. g3 Nf6 23. Qf3 Qd5 24. Qxd5 Nxd5 25. Ng4 Rd8 26. Ne3 a5 27.
Nxd5 Rxd5 28. Kg2 Kf8 29. Red1 Rbd7 30. Re1 Rb7 31. Red1 Rd6 32. Kf3 b4 33.
axb4 axb4 34. Ke3 bxc3 35. bxc3 Rdb6 36. Rxb6 Rxb6 37. Rd2 Rb3 38. Rc2 Ke7 39.
f3 Rb1 40. Re2 Rd1 41. Rc2 Rd3+ 42. Ke4 g5 43. f4 f5+ 44. Ke5 Re3# 0-1

[Event "Österreichische Meisterschaften"]
[Site "Imst"]
[Date "2008.03.18"]
[Round "3.2"]
[White "Moser, Evelyn"]
[Black "Bauer, Marie-Christine"]
[Result "1/2-1/2"]
[WhiteElo "1486"]
[BlackElo "1757"]
[PlyCount "101"]
[EventDate "2008.03.17"]

1. d4 Nf6 2. Nf3 c5 3. e3 b6 4. dxc5 bxc5 5. Nbd2 e6 6. b3 Bb7 7. Bb2 Be7 8. g3
O-O 9. Bg2 d5 10. O-O Nbd7 11. c4 Nb6 12. Rc1 Nfd7 13. Qe2 Bf6 14. Bxf6 Qxf6
15. Rc2 a5 16. a4 Ba6 17. Rb1 e5 18. Qe1 d4 19. exd4 exd4 20. Nxd4 Qxd4 21.
Bxa8 Rxa8 22. Qe3 Qxe3 23. fxe3 Re8 24. Re1 Ne5 25. Rd1 Bb7 26. Rc3 Rd8 27.
Rcc1 Kf8 28. Nf1 Rd3 29. Rxd3 Nxd3 30. Rd1 Be4 31. Nd2 f5 32. Nxe4 fxe4 33.
Rf1+ Ke7 34. Rf5 Nd7 35. Rf1 Ke6 36. Kg2 g6 37. g4 h6 38. h3 Ke7 39. Kg3 N7e5
40. Rd1 Ke6 41. h4 Kf6 42. Rf1+ Nf3 43. Rd1 Ke5 44. Rxd3 exd3 45. Kxf3 Kd6 46.
e4 Ke5 47. Ke3 d2 48. Kxd2 Kxe4 49. h5 g5 50. Ke2 Kd4 51. Kd2 1/2-1/2

[Event "Österreichische Meisterschaften"]
[Site "Imst"]
[Date "2008.03.18"]
[Round "3.3"]
[White "Troescher, Evelyne"]
[Black "Steininger, Barbara"]
[Result "0-1"]
[WhiteElo "1271"]
[BlackElo "1528"]
[PlyCount "124"]
[EventDate "2008.03.17"]

1. e4 c5 2. Nc3 Nc6 3. Bc4 g6 4. Nf3 Bg7 5. d3 e5 6. Be3 d6 7. Ng5 Nh6 8. Qf3
O-O 9. O-O-O Bg4 10. Nxf7 Bxf3 11. Nxd8+ Kh8 12. gxf3 Nxd8 13. Nd5 a6 14. Nb6
Ra7 15. Nc8 Ra8 16. Nxd6 b6 17. c3 Ndf7 18. Nxf7+ Nxf7 19. d4 b5 20. Bxf7 exd4
21. Bd5 Rac8 22. Bg5 dxc3 23. bxc3 Bxc3 24. f4 Bd4 25. e5 Kg7 26. Bf6+ Kh6 27.
Bb7 Rb8 28. Bxa6 Rb6 29. Be7 Rxf4 30. Bc8 Bxe5 31. Bxc5 Rc6 32. Rd5 Bd4 33. Bd7
Rxc5+ 34. Rxc5 Bxc5 35. Bxb5 Rxf2 36. a4 Bb4 37. Rd1 Rxh2 38. Bc6 Rh4 39. Rh1
Rxh1+ 40. Bxh1 Kg5 41. Kb2 Kf4 42. Kb3 Be1 43. Bd5 g5 44. Bg8 h5 45. Kc4 g4 46.
Kb5 h4 47. a5 Bf2 48. a6 h3 49. Be6 h2 50. Bd5 Kg3 51. Kc6 Be3 52. Kb7 Kf2 53.
a7 Bxa7 54. Kxa7 Kg1 55. Kb6 h1=Q 56. Bxh1 Kxh1 57. Kc5 g3 58. Kc4 g2 59. Kc3
g1=Q 60. Kb2 Qc5 61. Ka1 Qb4 62. Ka2 Kg2 0-1

[Event "Österreichische Meisterschaften"]
[Site "Imst"]
[Date "2008.03.18"]
[Round "3.4"]
[White "Schnegg, Anna-Lena"]
[Black "Roeck, Vanessa"]
[Result "1-0"]
[WhiteElo "1561"]
[BlackElo "1511"]
[PlyCount "73"]
[EventDate "2008.03.17"]

1. e4 e5 2. Nf3 Nc6 3. Bc4 Bc5 4. d3 d6 5. c3 Nf6 6. a4 a5 7. Bg5 h6 8. Bh4 g5
9. Bg3 Qe7 10. O-O Bg4 11. Re1 O-O-O 12. Nbd2 d5 13. exd5 Nxd5 14. Qb3 Nf4 15.
d4 Bb6 16. Nxe5 Nxe5 17. Rxe5 Qd7 18. Bxf4 gxf4 19. Bxf7 Rdf8 20. Be6 Bxe6 21.
Qxe6 Qxe6 22. Rxe6 Rhg8 23. Nc4 Ba7 24. Rxh6 Re8 25. Ne5 c6 26. Rf6 Bb8 27. Re1
Bxe5 28. Rxe5 Rd8 29. Rxf4 b6 30. h4 c5 31. h5 cxd4 32. Rxd4 Rxd4 33. cxd4 Kd7
34. h6 Rh8 35. Rh5 Ke6 36. g4 Kf6 37. f4 1-0

[Event "Österreichische Meisterschafte"]
[Site "Imst"]
[Date "2008.03.19"]
[Round "4.1"]
[White "Landl, Margot"]
[Black "Roeck, Vanessa"]
[Result "1-0"]
[WhiteElo "1609"]
[BlackElo "1511"]
[PlyCount "87"]
[EventDate "2008.03.17"]

1. e4 e5 2. Nf3 Nc6 3. Bb5 a6 4. Ba4 Bc5 5. c3 b5 6. Bc2 d6 7. O-O Nf6 8. h3
O-O 9. d4 exd4 10. cxd4 Bb6 11. Bg5 Qe7 12. Nc3 h6 13. Nd5 Qe6 14. Nxf6+ gxf6
15. Bxh6 Qe7 16. Bxf8 Qxf8 17. Qd2 Qg7 18. Kh2 Ne7 19. Qf4 d5 20. e5 fxe5 21.
dxe5 c6 22. Qf6 Qxf6 23. exf6 Ng6 24. Bxg6 fxg6 25. Ne5 Bc7 26. f4 g5 27. Nxc6
Bxf4+ 28. g3 Bd6 29. Rae1 Bd7 30. Ne7+ Kf7 31. Nxd5 Rh8 32. Kg1 Bc5+ 33. Ne3
Bc6 34. Kh2 Bd6 35. Nf5 Bb8 36. Nd4 Bd5 37. Re7+ Kg6 38. Rg7+ Kh6 39. Nf5+ Kh5
40. Kg1 Bxg3 41. Nxg3+ Kh4 42. Kh2 a5 43. f7 Bxf7 44. Rfxf7 1-0

[Event "Österreichische Meisterschafte"]
[Site "Imst"]
[Date "2008.03.19"]
[Round "4.2"]
[White "Steininger, Barbara"]
[Black "Schnegg, Anna-Lena"]
[Result "1-0"]
[WhiteElo "1528"]
[BlackElo "1561"]
[PlyCount "78"]
[EventDate "2008.03.17"]

1. d4 d5 2. c4 c6 3. cxd5 cxd5 4. Nc3 Nf6 5. Nf3 Bf5 6. Bf4 Nc6 7. e3 e6 8. Bd3
Bg6 9. a3 Rc8 10. Rc1 Bd6 11. Bg3 Bxg3 12. hxg3 Qb6 13. Na4 Qa5+ 14. b4 Qd8 15.
Bxg6 fxg6 16. O-O O-O 17. Qb3 b6 18. Rc2 Ne7 19. Rfc1 Qd7 20. Ne5 Qb7 21. Nc3
b5 22. Ne2 Rxc2 23. Rxc2 Rc8 24. Nf4 Nc6 25. Nxe6 Nxe5 26. dxe5 Ng4 27. Rxc8+
Qxc8 28. Nc5 Qd8 29. f4 Qa8 30. e4 Kf8 31. Qxd5 Qc8 32. Qd6+ Ke8 33. Qe6+ Qxe6
34. Nxe6 Ke7 35. Nd4 Ne3 36. Nxb5 a6 37. Nc7 Nc4 38. a4 Nb2 39. a5 Nd3 1-0

[Event "Österreichische Meisterschafte"]
[Site "Imst"]
[Date "2008.03.19"]
[Round "4.3"]
[White "Bauer, Marie-Christine"]
[Black "Troescher, Evelyne"]
[Result "1-0"]
[WhiteElo "1757"]
[BlackElo "1271"]
[PlyCount "72"]
[EventDate "2008.03.17"]

1. e4 e5 2. Nf3 Nc6 3. Bc4 Nf6 4. Ng5 d5 5. exd5 Nxd5 6. Nxf7 Qh4 7. Bxd5 Bg4
8. Bf3 Bc5 9. O-O Rf8 10. Bxg4 Rxf7 11. Qe2 Bxf2+ 12. Rxf2 Rxf2 13. Bd7+ Kxd7
14. Qxf2 Qxf2+ 15. Kxf2 Nd4 16. Na3 Rf8+ 17. Ke1 b5 18. c3 Ne6 19. Nxb5 Kc6 20.
Na3 Nf4 21. g3 Nd3+ 22. Ke2 e4 23. Nc2 Rf2+ 24. Ke3 Rf1 25. Nb4+ Kc5 26. Nxd3+
exd3 27. Kxd3 Rh1 28. b4+ Kd5 29. c4+ Ke5 30. Bb2+ Kf5 31. Rxh1 h5 32. Bxg7 Kg4
33. Be5 c6 34. Ke4 Kh3 35. Ke3 a6 36. Re1 h4 1-0

[Event "Österreichische Meisterschafte"]
[Site "Imst"]
[Date "2008.03.19"]
[Round "4.4"]
[White "Bauer, Valentina"]
[Black "Moser, Evelyn"]
[Result "1/2-1/2"]
[WhiteElo "1563"]
[BlackElo "1486"]
[PlyCount "47"]
[EventDate "2008.03.17"]

1. e4 e5 2. Nf3 Nc6 3. Bc4 Bc5 4. c3 Nf6 5. d4 exd4 6. e5 Ng4 7. cxd4 Bb4+ 8.
Nbd2 d6 9. h3 Nh6 10. a3 Bxd2+ 11. Qxd2 dxe5 12. dxe5 Qxd2+ 13. Bxd2 Nf5 14.
Bc3 O-O 15. O-O Re8 16. Rad1 Be6 17. Bxe6 Rxe6 18. Rd7 Re7 19. Rxe7 Nfxe7 20.
Rd1 Rd8 21. Rxd8+ Nxd8 22. Kf1 Nd5 23. Bd2 Ne6 24. Ng5 1/2-1/2

[Event "Österreichische Meisterschafte"]
[Site "Imst"]
[Date "2008.03.19"]
[Round "5.1"]
[White "Moser, Evelyn"]
[Black "Landl, Margot"]
[Result "1/2-1/2"]
[WhiteElo "1486"]
[BlackElo "1609"]
[PlyCount "49"]
[EventDate "2008.03.17"]

1. d4 d5 2. c4 e6 3. Nf3 Nf6 4. Nc3 c6 5. e3 Nbd7 6. Be2 dxc4 7. Bxc4 a6 8. O-O
b5 9. Bd3 Be7 10. b3 O-O 11. Bb2 c5 12. Ne4 Bb7 13. Nxc5 Nxc5 14. dxc5 Bxf3 15.
gxf3 Bxc5 16. Be2 Be7 17. Qxd8 Rfxd8 18. Rfd1 Rxd1+ 19. Rxd1 Rc8 20. Rc1 Rxc1+
21. Bxc1 Nd5 22. Bd2 Kf8 23. a4 bxa4 24. bxa4 Bb4 25. e4 1/2-1/2

[Event "Österreichische Meisterschafte"]
[Site "Imst"]
[Date "2008.03.19"]
[Round "5.2"]
[White "Troescher, Evelyne"]
[Black "Bauer, Valentina"]
[Result "0-1"]
[WhiteElo "1271"]
[BlackElo "1563"]
[PlyCount "98"]
[EventDate "2008.03.17"]

1. e4 e6 2. Nf3 d5 3. e5 Ne7 4. d4 Ng6 5. Bd3 c5 6. c3 Qb6 7. Nbd2 Nc6 8. Nb3
cxd4 9. Bxg6 fxg6 10. cxd4 Be7 11. Be3 Bd7 12. Ng5 Bb4+ 13. Kf1 O-O 14. Nc5
Nxe5 15. Ncxe6 Bxe6 16. Nxe6 Qxe6 17. dxe5 Qxe5 18. Bd4 Qd6 19. Qb3 Bc5 20. Bc3
Rxf2+ 21. Ke1 Qe6+ 22. Kd1 Qe2+ 23. Kc1 Be3+ 24. Kb1 Rf1+ 25. Rxf1 Qxf1+ 26.
Kc2 Qxg2+ 27. Kd1 Qf1+ 28. Be1 Qf3+ 29. Kc2 Rc8+ 30. Bc3 Bd4 31. Rd1 Bxc3 32.
bxc3 b6 33. Rxd5 Qf7 34. Rd7 Qxb3+ 35. axb3 a5 36. Rd5 Rc6 37. Kd3 Kf7 38. Kd4
Ke7 39. c4 Rd6 40. c5 bxc5+ 41. Kxc5 Rxd5+ 42. Kxd5 Kd7 43. Kc5 Kc7 44. Kb5 Kb7
45. Kxa5 h5 46. b4 g5 47. b5 g4 48. b6 h4 49. h3 gxh3 0-1

[Event "Österreichische Meisterschafte"]
[Site "Imst"]
[Date "2008.03.19"]
[Round "5.3"]
[White "Schnegg, Anna-Lena"]
[Black "Bauer, Marie-Christine"]
[Result "1-0"]
[WhiteElo "1561"]
[BlackElo "1757"]
[PlyCount "83"]
[EventDate "2008.03.17"]

1. e4 c5 2. Nc3 Nc6 3. d3 g6 4. g3 Bg7 5. Bg2 d6 6. f4 e6 7. Nf3 Nge7 8. Be3 b6
9. O-O O-O 10. Nh4 f5 11. exf5 exf5 12. Re1 Rb8 13. Rb1 d5 14. Bf2 Bb7 15. Re6
Bc8 16. Re2 d4 17. Nb5 a6 18. Na3 b5 19. Qe1 Kh8 20. c3 Nd5 21. Rc1 Qd6 22. Re8
Bd7 23. Rxf8+ Rxf8 24. Nb1 Re8 25. Qd2 Nf6 26. h3 Nd5 27. Re1 b4 28. c4 Nb6 29.
Rxe8+ Bxe8 30. Qe2 Bd7 31. Bxc6 Bxc6 32. Nf3 Na4 33. Ne5 Qf6 34. Nxc6 Qxc6 35.
Qe7 h6 36. Qe2 Qd7 37. g4 fxg4 38. hxg4 Bf6 39. g5 hxg5 40. fxg5 Bd8 41. Bg3
Qe7 42. Qh2+ 1-0

[Event "Österreichische Meisterschafte"]
[Site "Imst"]
[Date "2008.03.19"]
[Round "5.4"]
[White "Roeck, Vanessa"]
[Black "Steininger, Barbara"]
[Result "1/2-1/2"]
[WhiteElo "1511"]
[BlackElo "1528"]
[PlyCount "27"]
[EventDate "2008.03.17"]

1. e4 c5 2. Nc3 Nc6 3. Bc4 e6 4. a3 g6 5. Nge2 Bg7 6. O-O d6 7. d3 Nf6 8. d4
cxd4 9. Nxd4 Nxe4 10. Nxc6 bxc6 11. Nxe4 d5 12. Bb3 dxe4 13. Qxd8+ Kxd8 14.
Rd1+ 1/2-1/2

[Event "Österreichische Meisterschafte"]
[Site "Imst"]
[Date "2008.03.20"]
[Round "6.1"]
[White "Landl, Margot"]
[Black "Steininger, Barbara"]
[Result "1-0"]
[WhiteElo "1609"]
[BlackElo "1528"]
[PlyCount "73"]
[EventDate "2008.03.17"]

1. e4 c5 2. Nc3 Nc6 3. g3 g6 4. d3 Bg7 5. Be3 d6 6. Bg2 e6 7. Qd2 Nge7 8. Bh6
O-O 9. Bxg7 Kxg7 10. f4 f5 11. Nf3 Bd7 12. O-O a6 13. Qe3 Qb6 14. Rab1 Qa7 15.
Ne2 Rac8 16. c3 b6 17. d4 fxe4 18. Qxe4 d5 19. Qd3 c4 20. Qd2 Nf5 21. Ne5 Nxe5
22. fxe5 Rce8 23. g4 Ne7 24. Qg5 Ba4 25. Nf4 Qd7 26. Nh5+ Kh8 27. Nf6 Qd8 28.
Nxe8 Qxe8 29. Rxf8+ Qxf8 30. Qf6+ Kg8 31. Qxe6+ Qf7 32. Qxf7+ Kxf7 33. Rf1+ Ke8
34. Rf6 Nc8 35. Bxd5 Bd7 36. Bc6 Bxc6 37. Rxc6 1-0

[Event "Österreichische Meisterschafte"]
[Site "Imst"]
[Date "2008.03.20"]
[Round "6.3"]
[White "Bauer, Valentina"]
[Black "Schnegg, Anna-Lena"]
[Result "1-0"]
[WhiteElo "1563"]
[BlackElo "1561"]
[PlyCount "127"]
[EventDate "2008.03.17"]

1. e4 c5 2. c3 d5 3. exd5 Qxd5 4. d4 cxd4 5. cxd4 Nc6 6. Nf3 e5 7. dxe5 Qxd1+
8. Kxd1 Bg4 9. Nbd2 Nxe5 10. Bb5+ Nd7 11. h3 Be6 12. Re1 O-O-O 13. Ng5 Bd5 14.
Bc4 Bxc4 15. Nxc4 Nb6+ 16. Nd2 Nh6 17. Ke2 Rd7 18. Ndf3 Bb4 19. Bd2 Re8+ 20.
Kf1 Bxd2 21. Rxe8+ Kc7 22. Nxd2 Rxd2 23. Re7+ Rd7 24. Rxd7+ Kxd7 25. Nxh7 Nc4
26. b3 Nd2+ 27. Ke2 Ne4 28. f3 Ng3+ 29. Ke1 Ngf5 30. Ng5 Kc6 31. Rc1+ Kb6 32.
Rc8 Ne3 33. Kf2 Nd5 34. Rf8 f6 35. Ne6 g6 36. Rh8 Nf7 37. Rg8 g5 38. h4 gxh4
39. Rg4 Ne5 40. Rxh4 Nd3+ 41. Kg1 Nc3 42. a4 Ne2+ 43. Kh2 Nec1 44. Rd4 Ne5 45.
Rb4+ Kc6 46. Nd8+ Kc7 47. Ne6+ Kd6 48. Nf4 b6 49. Rd4+ Kc6 50. b4 Nb3 51. Rd8
Nd7 52. Re8 Nd4 53. Kg3 Ne5 54. Rf8 Nd7 55. Rf7 Nf5+ 56. Kf2 Nd6 57. b5+ Kc7
58. Nd5+ Kc8 59. Rxf6 Nxf6 60. Nxf6 Nc4 61. Ne4 Nb2 62. Nc3 Nd3+ 63. Ke3 Ne5
64. Ke4 1-0

[Event "Österreichische Meisterschafte"]
[Site "Imst"]
[Date "2008.03.20"]
[Round "6.4"]
[White "Moser, Evelyn"]
[Black "Troescher, Evelyne"]
[Result "1-0"]
[WhiteElo "1486"]
[BlackElo "1271"]
[PlyCount "85"]
[EventDate "2008.03.17"]

1. d4 Nc6 2. Nf3 d5 3. c4 Nf6 4. Nc3 dxc4 5. e3 b5 6. Nxb5 a6 7. Nc3 Na5 8. Ne5
Bb7 9. Qa4+ c6 10. Bd2 Qb6 11. Nd1 Nb3 12. axb3 cxb3 13. Bc4 e6 14. Qxb3 Qxb3
15. Bxb3 c5 16. Ba4+ Ke7 17. O-O Rd8 18. Ba5 Rc8 19. dxc5 Ne4 20. Bb4 Nxc5 21.
Nd7 Kd8 22. Ba5+ Ke7 23. Nxc5 Kf6 24. Nxb7 Be7 25. Nc3 Rb8 26. Ne4+ Kg6 27.
Ned6 Bxd6 28. Nxd6 Rxb2 29. Bc3 Rb6 30. Bc2+ f5 31. Be5 Rd8 32. Rfd1 Rc6 33.
Ba4 Rc5 34. f4 h5 35. Be8+ Kh7 36. Bxh5 g6 37. Bf3 Kg8 38. Rxa6 Kh7 39. Ra7+
Kg8 40. Rg7+ Kf8 41. Rxg6 Rd7 42. Rxe6 Rdc7 43. Re8# 1-0

[Event "Österreichische Meisterschafte"]
[Site "Imst"]
[Date "2008.03.21"]
[Round "7.1"]
[White "Troescher, Evelyne"]
[Black "Landl, Margot"]
[Result "0-1"]
[WhiteElo "1271"]
[BlackElo "1609"]
[PlyCount "94"]
[EventDate "2008.03.17"]

1. e4 c5 2. Nc3 Nc6 3. Nf3 d6 4. Bb5 Bd7 5. d3 Nf6 6. Be3 e6 7. d4 cxd4 8. Nxd4
Be7 9. Qf3 O-O 10. Nxc6 bxc6 11. Bd3 e5 12. O-O Qc8 13. h3 Kh8 14. Bc4 Be6 15.
Bxe6 Qxe6 16. Rfd1 Rfd8 17. Rd2 d5 18. exd5 cxd5 19. Nb5 Qc6 20. Nxa7 Qb7 21.
c4 Rxa7 22. Bxa7 Qxa7 23. cxd5 Bd6 24. Qf5 Qe7 25. Rc1 g6 26. Qd3 e4 27. Qd4
Kg7 28. Re2 Be5 29. Qc5 Bd6 30. Qd4 Bf4 31. Rce1 Be5 32. Rxe4 Nxe4 33. Qxe4 Re8
34. Qxe5+ Qxe5 35. Rxe5 Rxe5 36. d6 Kf6 37. b4 Rb5 38. d7 Ke7 39. a3 Kxd7 40.
g4 Rd5 41. f4 Rd3 42. a4 Rxh3 43. Kg2 Ra3 44. a5 Kc6 45. f5 gxf5 46. gxf5 Kb5
47. f6 Kxb4 0-1

[Event "Österreichische Meisterschafte"]
[Site "Imst"]
[Date "2008.03.21"]
[Round "7.2"]
[White "Schnegg, Anna-Lena"]
[Black "Moser, Evelyn"]
[Result "0-1"]
[WhiteElo "1561"]
[BlackElo "1486"]
[PlyCount "32"]
[EventDate "2008.03.17"]

1. f4 d5 2. Nf3 Nf6 3. g3 Bf5 4. Bg2 Nbd7 5. O-O g6 6. Nc3 c6 7. Re1 Bg7 8. h3
O-O 9. Kh2 Qc7 10. d3 Rad8 11. g4 Be6 12. e4 dxe4 13. dxe4 Ne5 14. Nd2 Bxg4 15.
hxg4 Nexg4+ 16. Kg1 Qb6+ 0-1

[Event "Österreichische Meisterschafte"]
[Site "Imst"]
[Date "2008.03.21"]
[Round "7.3"]
[White "Roeck, Vanessa"]
[Black "Bauer, Valentina"]
[Result "0-1"]
[WhiteElo "1511"]
[BlackElo "1563"]
[PlyCount "68"]
[EventDate "2008.03.17"]

1. e4 e6 2. d4 d5 3. exd5 exd5 4. Bd3 Bd6 5. Qf3 Ne7 6. Ne2 Nbc6 7. O-O Be6 8.
Bf4 Bxf4 9. Qxf4 Qd7 10. Nbc3 O-O 11. Qh4 Bf5 12. Bxf5 Qxf5 13. Rac1 Ng6 14.
Qg3 Rac8 15. Qd3 Qxd3 16. cxd3 Nb4 17. Rfd1 Rfe8 18. a3 Na2 19. Nxa2 Rxe2 20.
Nc3 Rxb2 21. Nxd5 c6 22. Re1 Rd8 23. Ne7+ Nxe7 24. Rxe7 Kf8 25. Rce1 g6 26. h4
Rxd4 27. Re8+ Kg7 28. R1e4 Rxd3 29. Rg4 Rxa3 30. h5 Ra1+ 31. Kh2 Rxf2 32. hxg6
fxg6 33. Re7+ Rf7 34. Rge4 Raf1 0-1

[Event "Österreichische Meisterschafte"]
[Site "Imst"]
[Date "2008.03.21"]
[Round "7.4"]
[White "Steininger, Barbara"]
[Black "Bauer, Marie-Christine"]
[Result "0-1"]
[WhiteElo "1528"]
[BlackElo "1757"]
[PlyCount "34"]
[EventDate "2008.03.17"]

1. Nf3 Nf6 2. d4 c5 3. c4 cxd4 4. Nxd4 e5 5. Nf3 Nc6 6. Nc3 Bb4 7. Bd2 e4 8.
Ng1 O-O 9. a3 Bc5 10. Bg5 Bxf2+ 11. Kd2 Qb6 12. Kc2 Bxg1 13. Rxg1 Qxg1 14. Bxf6
gxf6 15. Nxe4 Qd4 16. Nd2 d5 17. cxd5 Bf5+ 0-1